Statistics for Cameron's Quiz 2

Click here to take the quiz!

General Stats

  • This quiz has been taken 18 times
  • The average score is 19 of 28

Answer Stats

HintAnswer% Correct
5+510
100%
6+915
100%
9+918
100%
7+1219
100%
1+12
100%
4+1721
100%
13+821
100%
16+1127
100%
3+36
100%
1+78
100%
4+59
100%
12+517
92%
11+1223
92%
14+1327
92%
8+1725
75%
19+1332
75%
20+2040
75%
21+2950
67%
23+1942
58%
24+5882
50%
34+1852
42%
30+74104
17%
34+86120
17%
1+12
17%
2+35
17%
27+2653
17%
196+117313
8%
365+579944
8%

Score Distribution

Percentile by Number Answered

Percent of People with Each Score

Your Score History

You have not taken this quiz